| 000 | 00487nam a22001697a 4500 | ||
|---|---|---|---|
| 003 | DO-SdBNP | ||
| 005 | 20240226145041.0 | ||
| 008 | 210825b 2018 dr00| 0 eng d | ||
| 040 |
_aDO-SdBNP _bspa _cBNPHU |
||
| 100 | 1 |
_aPatín Veloz, Enrique _93425 |
|
| 245 | 1 |
_aDuarte liderazgo juvenil. Dinamismo / _cEnrique Patín Veloz |
|
| 260 |
_aSanto Domingo : _bInstituto Duartiano ; _c2018. |
||
| 300 |
_a40 p. ; _c14 cm. |
||
| 590 | _aInventariado, 2021-BT | ||
| 910 | _aBtavárez | ||
| 942 |
_2ddc _cLBS1 |
||
| 999 |
_c50287 _d50287 |
||